| 000 | 01951nam0a22002891 4500 | ||
|---|---|---|---|
| 001 | rc\4751222 | ||
| 005 | 20260407184029.0 | ||
| 021 |
_aRU _b[58-9970] |
||
| 035 | _a(NLR Aleph) 009010765 | ||
| 090 |
_a9366137 _c9366137 |
||
| 100 | _a20130417d1958 |||y0rusy50 ca | ||
| 101 | 0 | _arus | |
| 102 | _aRU | ||
| 105 | _ay z ||||| | ||
| 200 | 1 |
_aЛинии электропередач и подстанции 400 кв _eФотоальбом |
|
| 210 |
_a[Куйбышев _cКУНТОЭП _cОргэнергострой _d1958] |
||
| 215 |
_a[110] л. _d11х18 |
||
| 300 | _aОписано по переплету. На тит. л. загл.: Науч.-техн. совещание по обобщению опыта проектирования, строительства, монтажа и эксплуатации линий электропередач и подстанций 400 кв. 10-15 февр. 1958 г. | ||
| 517 | 0 | _aНаучно-техническое совещание по обобщению опыта проектирования, строительства, монтажа и эксплуатациилиний электропередач и подстанций 400 кв. 10-15 февраля 1958 г. | |
| 606 |
_aЭлектрические линии передачи, высоковольтные _jФотоальбомы _2psbo |
||
| 606 |
_aЭлектрические подстанции, высоковольтные _jФотоальбомы _2psbo |
||
| 712 | 1 | 2 |
_aВсесоюзное научно-техническое совещание по обобщению опыта проектирования, строительства, монтажа и эксплуатации линий электропередач и подстанций 400 кв _f1958 _eКуйбышев _3RU\NLR\AUTH\8810119845 _9738218 |
| 801 | 0 |
_aRU _bNLR _gpsbo |
|
| 801 | 1 |
_aRU _bELAR _2rusmarc |
|
| 852 |
_aNLR _j58-4/3764 |
||
| 942 | _cBOOK | ||
| 980 | _aNB | ||